Central Library and Information Centre
Sibsagar Girls' College, Sivasagar : Assam

MAO TSE TUNG AND GANDHI (Record no. 7171)

MARC details
000 -LEADER
fixed length control field 00386cam a2200169ua 4500
008 - FIXED-LENGTH DATA ELEMENTS--GENERAL INFORMATION
fixed length control field 120804n1973 II |||gr||||Z||||||eng
040 ## - CATALOGING SOURCE
Original cataloging agency MAIN
041 ## - LANGUAGE CODE
-- English
082 ## - DEWEY DECIMAL CLASSIFICATION NUMBER
Classification number 923.254 BAN
100 ## - MAIN ENTRY--PERSONAL NAME
Personal name BANDYOPADHAYA, J.
245 ## - TITLE STATEMENT
Title MAO TSE TUNG AND GANDHI
260 ## - PUBLICATION, DISTRIBUTION, ETC.
Place of publication, distribution, etc. MUMBAI
Name of publisher, distributor, etc. ALLIED PUBLISHERS
Date of publication, distribution, etc. 1973
300 ## - PHYSICAL DESCRIPTION
Extent 156:
Dimensions 20CM.
942 ## - ADDED ENTRY ELEMENTS (KOHA)
Koha item type Books
653 ## - INDEX TERM--UNCONTROLLED
Uncontrolled term Gandhi
Holdings
Withdrawn status Lost status Damaged status Not for loan Collection code Home library Current library Shelving location Date acquired Full call number Barcode Date last seen Copy number Price effective from Koha item type
        REFPSC Central Library and Information Centre Sibsagar Girls College Central Library and Information Centre Sibsagar Girls College Gandhian Studies 05.02.1997 923.254 BAN 14745 27.02.2020 1 27.02.2020 Books


Sibsagar Girl's College © 2020. All rights reserved.
Powered by Koha.
Maintained by Abhijit Borpuzari.